Normal view
MARC view
Entry Personal Name
001 - CONTROL NUMBER
- control field: 81018
003 - CONTROL NUMBER IDENTIFIER
- control field: dpl
005 - DATE AND TIME OF LATEST TRANSACTION
- control field: 20250506121342.0
008 - FIXED-LENGTH DATA ELEMENTS
- fixed length control field: 250506|| aca||aabn | a|a d
040 ## - CATALOGING SOURCE
- Original cataloging agency: dpl
- Transcribing agency: dpl
100 ## - HEADING--PERSONAL NAME
- Personal name: Panda, Sanjay Kumar
670 ## - SOURCE DATA FOUND
- Source citation: Work cat.: (dpl)147296: Panda, Sanjay Kumar, Making one plus one eleven :, 2015
